000 00505nam a22001697a 4500
005 20251108172640.0
008 250721s1998 xx 000 0 ara d
082 1 4 _a191/بدو
100 1 _aبدوي، جمال
245 1 0 _aفي محراب الفكر /
264 1 _aالقاهرة :
_bالهيئة المصرية العامة للكتاب،
_c1998.
300 _a349 ص
650 1 7 _aالفلسفة العربية
650 1 7 _aالفلسفة الحديثة
942 _2ddc
_cBK
999 _c84946
_d84946